000 00682nam a2200217 i 4500
001 55008
003 ES-MaACL
007 t|
008 030911s1985 fr ||||1| fre d
020 _a2-13-039084-6
100 0 _aDeleuze, Gilles,
_d1925-1995
_943377
245 1 0 _aDifférence et répétition /
_cpar Gilles Deleuze.
250 _a[5eme ed.].
260 _aParis :
_bPresses Universitaires de France,
_c1985.
300 _a409 p. ;
_c22 cm.
490 1 _aBibliothèque de philosophie contemporaine
504 _aBibliografía.
830 0 _aBibliothèque de philosophie contemporaine
_9181027
852 _aES-MaACL
_jL-8562
_bR.109006
999 _c55008
_d55008